Formato MARC21

Signatura BDML-MML-Ms-M000782
Número de control M000782
Registro MARC21
No me engañes
=001 M000782
=003 BDML
=005 20042026205418
=008 200426||||||||||||||||||||||||||||||||||
=031 ##$a1$b1$c1$gG-2$mOtro$nxFCGD$o2/4$p'''4E8DC/C''6B'''E''4B/6G'''C''G'''C''GE8C/$2pe
=040 ##$aBDML$bspa$cBDML
=092 ##$aBDML$bBDML$cEC$dMs$0M000782
=100 1#$aHidalgo Navarro, Antonio de Jesús$d1873-1953$jCertificada
=245 10$aNo me engañes$cAntonio de J. Hidalgo$h[música manuscrita]
=300 ##$a2 Folios.$c26 x 33 cm
=340 ##$dManuscrito
=348 ##$aGuión
=382 ##$aotro$bpiano
=384 0#$aDo# menor
=500 ##$aDatos tomados de portada y encabezado de música.
=500 ##$aEsta obra fue realizada con lápiz de grafito.
=500 ##$aEn la esquina superior derecha se lee el siguiente texto: ¨Antonio de J. Hidalgo´, escrito con lápiz de grafito.
=545 0#$aAntonio de Jesús Hidalgo Navarro (1873-1953) fue un eminente compositor, pianista, organista y profesor de música, nacido el 2 de enero de 1873 en la ciudad de Loja. Fue hijo del arquitecto lojano Juan Manuel Hidalgo Pineda y de doña Carmen Navarro del Castillo. Desde su infancia, mostró una pasión innata por el arte musical, que cultivó con estudios profundos en Quito y Lima, permitiéndole absorber influencias de maestros como Mozart y Beethoven, y regresar para fundar la Escuela de Música local y dirigir el Conservatorio$uhttps://dspace.unl.edu.ec/server/api/core/bitstreams/c2d12a33-9e1a-4ef4-8cd5-9360a82b4adb/content
=650 04$aSanjuanitos$ySiglo XX$zEcuador, Loja
=773 1#$aHidalgo Navarro, Antonio de Jesús (1873-1953)$tNo me engañes$wM000489
=852 ##$aMuseo de la Música Salvador Zaragocín Tapia$hAnexo 15